Legislatívne formy ochrany historických urbanistických súborov a komplexov vo Zväze sovietskych socialistických republík

Bibliographic Details
Main Author: Sokolovskaja, L.P (Author)
Format: Article
Language:Slovak
Subjects:

MARC

LEADER 00000nab a2200000 a 4500
001 vtls000272206
003 SK-MaSNL
005 20260304205342.0
008 111202c1986 xo 0 slo
015 |a SNBRA19rr/mm-uuuuu 
035 |a CL0282320 
040 |a SNKBUCL  |b slo  |c SNKBUCL  |e AACR2 
041 0 |a slo 
044 |a xo  |c SK 
080 |a 719:340(47)  |2 1981 
080 |a 340(47)  |2 1981 
080 |a 904(47)  |2 1981 
080 |a 340  |2 1981 
100 1 |a Sokolovskaja, L.P.  |4 aut  |9 1539576 
245 1 0 |a Legislatívne formy ochrany historických urbanistických súborov a komplexov vo Zväze sovietskych socialistických republík  |c L.P. Sokolovskaja 
650 0 7 |a kultúrne pamiatky  |2 snkbucl  |9 2862 
650 0 7 |a architektonické pamiatky  |2 snkbucl  |9 28990 
650 0 7 |a pamiatková starostlivosť  |2 snkbucl  |9 2863 
650 0 7 |a legislatíva  |2 snkbucl  |9 121217 
651 7 |a Sovietsky zväz  |2 snkbucl  |9 22126 
655 7 |a články zo zborníkov  |2 snkbucl  |9 166140 
773 0 |t Legislatívne formy ochrany historických urbanistických súborov v socialistických krajinách  |d Bratislava : Št. ústav pamiatkovej starostl., 1986 
850 |a Slovenská národná knižnica v Martine  |a MTA001 
852 |a SNK  |b KIS3GCP 
958 |a RK 
958 |a SU 
992 |a RZB 
999 |c 3120421  |d 3122351